[Event "XtraCon-Skakligaen"]
[Site "Denmark"]
[Date "2012.12.02"]
[Round "3.6"]
[White "Palm, Nikolaj"]
[Black "Haubro, Sigfred"]
[Result "1/2-1/2"]
[WhiteElo "2307"]
[BlackElo "2130"]
[PlyCount "67"]
[EventDate "2012.10.27"]
[EventType "team-tourn"]
[EventRounds "9"]
[WhiteTeam "Bronshoj"]
[BlackTeam "BMSSkak"]
[WhiteTeamCountry "DEN"]
[BlackTeamCountry "DEN"]

1. d4 d5 2. Nf3 e6 3. e3 f5 4. c4 Nf6 5. Bd3 c6 6. O-O Be7 7. b3 O-O 8. Bb2 Qe8
9. Ne5 a5 10. Nc3 Ne4 11. Qe2 Nxc3 12. Bxc3 Nd7 13. a4 Nxe5 14. dxe5 Bd7 15. h3
b6 16. f4 Bc5 17. g4 Rd8 18. gxf5 exf5 19. cxd5 cxd5 20. Rad1 Be6 21. Kh2 Rc8
22. Bb5 Qf7 23. Rd3 Rc7 24. Rfd1 Kh8 25. Bd4 Rfc8 26. Ba6 Rg8 27. Qf2 Qh5 28.
Rg1 g5 29. fxg5 Rxg5 30. Rxg5 Qxg5 31. Rd1 Bxd4 32. exd4 f4 33. Bf1 h5 34. Bd3
1/2-1/2

[Event "XtraCon-Skakligaen"]
[Site "Denmark"]
[Date "2012.12.02"]
[Round "3.7"]
[White "Vesterli, Michael E"]
[Black "Holmsgaard, Henrik"]
[Result "0-1"]
[WhiteElo "2038"]
[BlackElo "2294"]
[PlyCount "102"]
[EventDate "2012.10.27"]
[EventType "team-tourn"]
[EventRounds "9"]
[WhiteTeam "BMSSkak"]
[BlackTeam "Bronshoj"]
[WhiteTeamCountry "DEN"]
[BlackTeamCountry "DEN"]

1. d4 d5 2. c4 c6 3. Nf3 Nf6 4. Nc3 dxc4 5. a4 Bf5 6. Ne5 Nbd7 7. Nxc4 Nb6 8.
e3 e6 9. f3 Bb4 10. Bd2 O-O 11. Qb3 a5 12. Nb1 Nxc4 13. Bxc4 Bxb1 14. Bxb4 axb4
15. Rxb1 Qa5 16. Ke2 e5 17. dxe5 Qxe5 18. Qxb4 Rfe8 19. Qb3 Re7 20. Rbd1 b5 21.
axb5 cxb5 22. Bd5 Rae8 23. e4 Qh5 24. Kf2 Re5 25. Rd2 h6 26. g3 Qg6 27. Rc1
R8e7 28. Kg1 Nh5 29. Qxb5 Qg5 30. Rcd1 Qe3+ 31. Kg2 Rg5 32. Qb8+ Kh7 33. Qb3
Nf4+ 34. Kf1 Nxd5 35. Rd3 Qb6 36. exd5 Qd6 37. Qc2 g6 38. Qc6 Qb4 39. Qc3 Qd6
40. b4 Rge5 41. Qc5 Qa6 42. b5 Qa2 43. Qd4 Qxh2 44. Qh4 Qe2+ 45. Kg1 Rh5 46.
Qd4 Qh2+ 47. Kf1 Qh3+ 48. Kf2 Rhe5 49. R3d2 Qh2+ 50. Kf1 Qh1+ 51. Kf2 Re1 0-1

[Event "XtraCon-Skakligaen"]
[Site "Denmark"]
[Date "2012.12.02"]
[Round "3.8"]
[White "Nielsen, Steffen"]
[Black "Philipsen, William Horup"]
[Result "0-1"]
[WhiteElo "2182"]
[BlackElo "1911"]
[PlyCount "68"]
[EventDate "2012.10.27"]
[EventType "team-tourn"]
[EventRounds "9"]
[WhiteTeam "Bronshoj"]
[BlackTeam "BMSSkak"]
[WhiteTeamCountry "DEN"]
[BlackTeamCountry "DEN"]

1. e4 e5 2. Nf3 Nc6 3. Bc4 Nf6 4. d4 exd4 5. O-O Nxe4 6. Re1 d5 7. Bxd5 Qxd5 8.
Nc3 Qh5 9. Nxe4 Be6 10. Bg5 Bd6 11. Nxd6+ cxd6 12. Bf4 Qd5 13. c4 Qc5 14. b4
Nxb4 15. Nxd4 O-O 16. Nxe6 fxe6 17. Bxd6 Qxf2+ 18. Kh1 Rad8 19. c5 b6 20. Qg4
Nc2 21. Qxe6+ Kh8 22. Bxf8 Rxf8 23. c6 Nxa1 24. h3 Nc2 25. Re4 Nd4 26. Qd6 Nb5
27. Qd7 Nc3 28. c7 Nxe4 29. c8=Q Ng3+ 30. Kh2 Ne2 31. h4 Qf4+ 32. Kh1 Qxh4+ 33.
Qh3 Qe1+ 34. Kh2 Qg1# 0-1

[Event "XtraCon-Skakligaen"]
[Site "Denmark"]
[Date "2013.01.12"]
[Round "4.1"]
[White "Hector, Jonny"]
[Black "Hillarp Persson, Tiger"]
[Result "1/2-1/2"]
[WhiteElo "2539"]
[BlackElo "2556"]
[PlyCount "76"]
[EventDate "2012.10.27"]
[EventType "team-tourn"]
[EventRounds "9"]
[WhiteTeam "Nordkalotten"]
[BlackTeam "Bronshoj"]
[WhiteTeamCountry "DEN"]
[BlackTeamCountry "DEN"]

1. e4 c5 2. Nf3 e6 3. d4 cxd4 4. Nxd4 a6 5. Nc3 Qc7 6. Bd3 Nf6 7. f4 d6 8. Qf3
Nbd7 9. g4 Nc5 10. g5 Nfd7 11. Be2 g6 12. Be3 b5 13. b4 Na4 14. Nxa4 bxa4 15.
O-O Bg7 16. f5 Ne5 17. Qg3 exf5 18. exf5 gxf5 19. c4 O-O 20. c5 Rb8 21. cxd6
Qxd6 22. a3 Re8 23. Rad1 Qg6 24. Rc1 Bd7 25. Rc5 Ng4 26. Bxg4 fxg4 27. Nf5 Bxf5
28. Rcxf5 Rbd8 29. Bc5 Rd1 30. Qxg4 Rxf1+ 31. Rxf1 h5 32. Qd7 Re4 33. Kh1 Re2
34. Qd8+ Kh7 35. Qd5 Kg8 36. Qd8+ Kh7 37. Qd5 Kg8 38. Qa8+ Kh7 1/2-1/2

[Event "XtraCon-Skakligaen"]
[Site "Denmark"]
[Date "2013.01.12"]
[Round "4.2"]
[White "Aagaard, Jacob"]
[Black "Brynell, Stellan"]
[Result "1-0"]
[WhiteElo "2517"]
[BlackElo "2500"]
[PlyCount "121"]
[EventDate "2012.10.27"]
[EventType "team-tourn"]
[EventRounds "9"]
[WhiteTeam "Bronshoj"]
[BlackTeam "Nordkalotten"]
[WhiteTeamCountry "DEN"]
[BlackTeamCountry "DEN"]

1. e4 e6 2. d4 d5 3. Nd2 Nf6 4. e5 Nfd7 5. Bd3 c5 6. c3 Nc6 7. Ne2 cxd4 8. cxd4
f6 9. exf6 Nxf6 10. O-O Bd6 11. Nf3 O-O 12. Bf4 Nh5 13. Bxd6 Qxd6 14. Qc2 Nf6
15. Rac1 Bd7 16. Qc5 Qxc5 17. Rxc5 Rac8 18. Rfc1 Nb4 19. Bb1 Rxc5 20. Rxc5 Rc8
21. a3 Rxc5 22. dxc5 Nc6 23. b4 a6 24. Ned4 Nxd4 25. Nxd4 Kf7 26. f4 h6 27. Bd3
Ne8 28. Kf2 Nc7 29. Ke3 Kf6 30. Nf3 Bb5 31. Bc2 g5 32. g3 gxf4+ 33. gxf4 Bc6
34. Ne5 d4+ 35. Kd2 Bg2 36. Ng4+ Kg7 37. Kd3 Bh3 38. Bd1 Nb5 39. Bf3 Bf1+ 40.
Ke4 d3 41. a4 Nc3+ 42. Kd4 Nxa4 43. Bxb7 d2 44. Nf2 Kf7 45. Ke3 Bb5 46. c6 Nb6
47. c7 Bd7 48. Kd4 Ke7 49. Bxa6 Kd6 50. c8=N+ Nxc8 51. Bxc8 Bxc8 52. Ne4+ Kc6
53. Nxd2 Kb5 54. Kc3 Bb7 55. Nb1 Bd5 56. Na3+ Ka4 57. Nc4 Kb5 58. Nd6+ Kc6 59.
Nf7 h5 60. Kd4 Kb5 61. f5 1-0

[Event "XtraCon-Skakligaen"]
[Site "Denmark"]
[Date "2013.01.12"]
[Round "4.3"]
[White "Kristensen, Kaare Hove"]
[Black "Pilgaard, Kim"]
[Result "1/2-1/2"]
[WhiteElo "2336"]
[BlackElo "2432"]
[PlyCount "84"]
[EventDate "2012.10.27"]
[EventType "team-tourn"]
[EventRounds "9"]
[WhiteTeam "Nordkalotten"]
[BlackTeam "Bronshoj"]
[WhiteTeamCountry "DEN"]
[BlackTeamCountry "DEN"]

1. e4 e5 2. Nf3 Nc6 3. d4 exd4 4. Nxd4 Nf6 5. Nxc6 bxc6 6. e5 Qe7 7. Qe2 Nd5 8.
c4 Nb6 9. Nc3 Bb7 10. Bd2 O-O-O 11. O-O-O Kb8 12. f4 f6 13. exf6 Qxf6 14. Qe4
Qf7 15. b3 d5 16. cxd5 cxd5 17. Qc2 g6 18. Bd3 Bg7 19. f5 gxf5 20. Rhf1 d4 21.
Ne4 Qe7 22. Nc5 Bc8 23. Rde1 Qd6 24. Bf4 Bh6 25. Bxh6 Qxh6+ 26. Kb1 Nd5 27. Qc4
Ne3 28. Rxe3 dxe3 29. Bxf5 Rhf8 30. Bxc8 Kxc8 31. Rxf8 Rxf8 32. Qg4+ Kb8 33.
Qb4+ Kc8 34. Qg4+ Kb8 35. Nd7+ Ka8 36. Qe4+ c6 37. Nxf8 Qxf8 38. Qxc6+ Kb8 39.
Qb5+ Kc8 40. Qc6+ Kb8 41. Qb5+ Kc8 42. Qc4+ Kb8 1/2-1/2

[Event "XtraCon-Skakligaen"]
[Site "Denmark"]
[Date "2013.01.12"]
[Round "4.4"]
[White "Bromann, Thorbjorn"]
[Black "Sylvan, Jacob"]
[Result "0-1"]
[WhiteElo "2378"]
[BlackElo "2313"]
[PlyCount "92"]
[EventDate "2012.10.27"]
[EventType "team-tourn"]
[EventRounds "9"]
[WhiteTeam "Bronshoj"]
[BlackTeam "Nordkalotten"]
[WhiteTeamCountry "DEN"]
[BlackTeamCountry "DEN"]

1. e4 c6 2. d4 d5 3. e5 Bf5 4. Nd2 e6 5. Nb3 Nd7 6. Nf3 Ne7 7. Nh4 Bg6 8. Bg5
Qb6 9. c3 a6 10. Be2 c5 11. O-O Qc7 12. Nxc5 Nxc5 13. dxc5 Nc6 14. b4 Qxe5 15.
Qd2 Be7 16. Bf4 Qf6 17. Nxg6 hxg6 18. c4 Nd4 19. Bd3 dxc4 20. Bxc4 Rh4 21. Bg3
Nf3+ 22. gxf3 Rxc4 23. Rad1 Rd8 24. Qe2 Rxb4 25. c6 bxc6 26. Qxa6 Qxf3 27.
Rxd8+ Bxd8 28. Rc1 Rd4 29. Qxc6+ Qxc6 30. Rxc6 Ra4 31. Rc2 f5 32. Be5 Bf6 33.
Bd6 e5 34. Re2 e4 35. Kg2 Kf7 36. f3 exf3+ 37. Kxf3 g5 38. Rc2 Ke6 39. Bf8 g4+
40. Kg2 f4 41. Bc5 Be5 42. a3 g5 43. Bb4 Ra8 44. Kf1 f3 45. Kg1 g3 46. hxg3
Bd4+ 0-1

[Event "XtraCon-Skakligaen"]
[Site "Denmark"]
[Date "2013.01.12"]
[Round "4.5"]
[White "Hove, Esben Kjems"]
[Black "Carstensen, Jacob"]
[Result "0-1"]
[WhiteElo "2267"]
[BlackElo "2362"]
[PlyCount "106"]
[EventDate "2012.10.27"]
[EventType "team-tourn"]
[EventRounds "9"]
[WhiteTeam "Nordkalotten"]
[BlackTeam "Bronshoj"]
[WhiteTeamCountry "DEN"]
[BlackTeamCountry "DEN"]

1. d4 Nf6 2. c4 e6 3. Nc3 Bb4 4. Qc2 O-O 5. Nf3 c5 6. dxc5 Bxc5 7. Bg5 Qb6 8.
e3 Be7 9. e4 d6 10. Be2 Nbd7 11. O-O a6 12. a3 Qc7 13. Nd2 b6 14. Kh1 Bb7 15.
f4 Rac8 16. Qd3 h6 17. Bh4 Nc5 18. Qe3 Nfxe4 19. Ndxe4 Bxh4 20. Rad1 Nxe4 21.
Nxe4 d5 22. cxd5 exd5 23. Nc3 Rfe8 24. Qd3 Bf6 25. Bf3 Bxc3 26. bxc3 Qxc3 27.
Qb1 b5 28. a4 Qc5 29. axb5 axb5 30. f5 Re5 31. f6 g6 32. Qb2 Rce8 33. h4 Qd6
34. h5 Qxf6 35. Qb4 Qe7 36. Qxb5 Rd8 37. hxg6 fxg6 38. Kg1 Rd6 39. Ra1 Bc6 40.
Qb8+ Rd8 41. Qb6 Be8 42. Ra7 Qd6 43. Qd4 Rd7 44. Ra8 Kh7 45. Rc1 Bf7 46. Kf2
Qf6 47. Qa4 Rde7 48. Ra6 Qg5 49. Rd1 Qe3+ 50. Kg3 Re4 51. Qa3 Qf4+ 52. Kf2 Re3
53. Qd6 Qh4+ 0-1

[Event "XtraCon-Skakligaen"]
[Site "Denmark"]
[Date "2013.01.12"]
[Round "4.6"]
[White "Greger, Roland Reinhard"]
[Black "Nielsen, Lars Aaes"]
[Result "0-1"]
[WhiteElo "2364"]
[BlackElo "2260"]
[PlyCount "88"]
[EventDate "2012.10.27"]
[EventType "team-tourn"]
[EventRounds "9"]
[WhiteTeam "Bronshoj"]
[BlackTeam "Nordkalotten"]
[WhiteTeamCountry "DEN"]
[BlackTeamCountry "DEN"]

1. e4 e6 2. d4 d5 3. e5 c5 4. c3 Qb6 5. Nf3 Nc6 6. a3 f6 7. Bd3 c4 8. Bc2 fxe5
9. dxe5 g6 10. Qe2 Bg7 11. Be3 Qc7 12. Bf4 Nh6 13. O-O O-O 14. g3 Ng4 15. Re1
Qb6 16. Ng5 Ngxe5 17. Nd2 Qxb2 18. Rac1 Qxa3 19. Ndf3 Nxf3+ 20. Qxf3 Qxc3 21.
Qg4 h5 22. Qd1 Qd4 23. Qe2 e5 24. Be3 Qg4 25. f3 Nd4 26. fxg4 Nxe2+ 27. Rxe2
Bxg4 28. Ree1 d4 29. Be4 dxe3 30. Bxb7 Rad8 31. Rxe3 e4 32. Rxe4 Bd4+ 33. Kg2
Rf2+ 34. Kh1 c3 35. h3 Bf5 36. Ree1 c2 37. Ne4 Bxe4+ 38. Bxe4 Bc3 39. Bxc2 Rxc2
40. Rxc2 Bxe1 41. Rc6 a5 42. Rxg6+ Kf7 43. Rg5 Ra8 44. Rf5+ Kg6 0-1

[Event "XtraCon-Skakligaen"]
[Site "Denmark"]
[Date "2013.01.12"]
[Round "4.7"]
[White "Jakobsen, Peter"]
[Black "Aabling Thomsen, Jakob"]
[Result "0-1"]
[WhiteElo "2255"]
[BlackElo "2341"]
[PlyCount "88"]
[EventDate "2012.10.27"]
[EventType "team-tourn"]
[EventRounds "9"]
[WhiteTeam "Nordkalotten"]
[BlackTeam "Bronshoj"]
[WhiteTeamCountry "DEN"]
[BlackTeamCountry "DEN"]

1. d4 Nf6 2. c4 g6 3. Nc3 d5 4. cxd5 Nxd5 5. e4 Nxc3 6. bxc3 Bg7 7. Bc4 c5 8.
Ne2 O-O 9. O-O Nc6 10. Be3 b6 11. Qd2 Bb7 12. Rac1 Rc8 13. d5 Na5 14. Bd3 c4
15. Bb1 e6 16. dxe6 fxe6 17. Qxd8 Rfxd8 18. f4 Rd7 19. Bd4 Nc6 20. Bxg7 Kxg7
21. f5 e5 22. Rf2 Nb8 23. Rcf1 Na6 24. h4 Nc5 25. Ng3 Nd3 26. Bxd3 cxd3 27.
fxg6 hxg6 28. h5 d2 29. Rd1 Rxc3 30. Rfxd2 Rxd2 31. Rxd2 Rxg3 32. Rd7+ Kh6 33.
Rxb7 Ra3 34. Re7 Kxh5 35. Rxe5+ Kg4 36. Re8 Rxa2 37. e5 Kg3 38. Kf1 Rf2+ 39.
Ke1 Rxg2 40. Ra8 Kf4 41. e6 Rg5 42. Kd2 Re5 43. Re8 Kf5 44. Ra8 a5 0-1

[Event "XtraCon-Skakligaen"]
[Site "Denmark"]
[Date "2013.01.12"]
[Round "4.8"]
[White "Palm, Nikolaj"]
[Black "Ejsing, Esben"]
[Result "1/2-1/2"]
[WhiteElo "2307"]
[BlackElo "2159"]
[PlyCount "57"]
[EventDate "2012.10.27"]
[EventType "team-tourn"]
[EventRounds "9"]
[WhiteTeam "Bronshoj"]
[BlackTeam "Nordkalotten"]
[WhiteTeamCountry "DEN"]
[BlackTeamCountry "DEN"]

1. d4 Nf6 2. Nf3 g6 3. e3 Bg7 4. c4 O-O 5. Nc3 d5 6. cxd5 Nxd5 7. Bc4 Nxc3 8.
bxc3 b6 9. O-O Bb7 10. Qe2 Nc6 11. Ba3 Re8 12. Ng5 e6 13. f4 Na5 14. Bd3 c5 15.
dxc5 bxc5 16. Bxc5 Rc8 17. Bxa7 Rxc3 18. Rad1 Qe7 19. Bb6 Qa3 20. Rd2 Rec8 21.
Rfd1 Rc1 22. Be4 Bxe4 23. Nxe4 Nc4 24. Rxc1 Qxc1+ 25. Rd1 Qa3 26. Bc5 Qa4 27.
Bd4 Nxe3 28. Bxe3 Qxe4 29. Qd3 1/2-1/2

[Event "XtraCon-Skakligaen"]
[Site "Denmark"]
[Date "2013.01.12"]
[Round "4.1"]
[White "Sorensen, Jan"]
[Black "Hagen, Andreas Skytte"]
[Result "1-0"]
[WhiteElo "2429"]
[BlackElo "2416"]
[PlyCount "67"]
[EventDate "2012.10.27"]
[EventType "team-tourn"]
[EventRounds "9"]
[WhiteTeam "Aarhus/Skolerne"]
[BlackTeam "K41"]
[WhiteTeamCountry "DEN"]
[BlackTeamCountry "DEN"]

1. e4 c5 2. b3 Nc6 3. Bb2 e5 4. Bc4 d6 5. Nc3 Nf6 6. d3 Be7 7. Nge2 O-O 8. O-O
a6 9. a4 Rb8 10. h3 Ne8 11. f4 Nc7 12. a5 exf4 13. Nxf4 Bf6 14. Qc1 Bd4+ 15.
Kh1 Ne6 16. Ncd5 Nxf4 17. Rxf4 Nxa5 18. Bxd4 cxd4 19. Nf6+ gxf6 20. Rh4 Nxc4
21. Qh6 Re8 22. bxc4 Re5 23. Rf1 Rg5 24. Qxh7+ Kf8 25. Qh6+ Rg7 26. Rxf6 Qe7
27. Rh5 Ra8 28. Rg5 Qxf6 29. Qxf6 Rxg5 30. Qd8+ Kg7 31. Qxg5+ Kf8 32. h4 a5 33.
h5 a4 34. h6 1-0

[Event "XtraCon-Skakligaen"]
[Site "Denmark"]
[Date "2013.01.12"]
[Round "4.2"]
[White "Nilsson, Sebastian"]
[Black "Rasmussen, Karsten"]
[Result "1-0"]
[WhiteElo "2330"]
[BlackElo "2435"]
[PlyCount "77"]
[EventDate "2012.10.27"]
[EventType "team-tourn"]
[EventRounds "9"]
[WhiteTeam "K41"]
[BlackTeam "Aarhus/Skolerne"]
[WhiteTeamCountry "DEN"]
[BlackTeamCountry "DEN"]

1. e4 c6 2. d4 d5 3. Nc3 dxe4 4. Nxe4 Bf5 5. Ng3 Bg6 6. h4 h6 7. Nf3 Nd7 8. h5
Bh7 9. Bd3 Bxd3 10. Qxd3 e6 11. Bd2 Ngf6 12. O-O-O Bd6 13. Ne4 Nxe4 14. Qxe4
Nf6 15. Qe2 Qc7 16. c4 Bf4 17. Ne5 Bxd2+ 18. Rxd2 Rd8 19. f4 Nd7 20. Rhd1 O-O
21. Kb1 Rfe8 22. g4 c5 23. Nxd7 Rxd7 24. f5 Rde7 25. f6 gxf6 26. Qf2 e5 27.
dxc5 Re6 28. Rd7 Qc6 29. R1d5 e4 30. Qe3 Kg7 31. b4 R8e7 32. Rd8 Qa4 33. a3 a5
34. Ra8 Ra6 35. Rxa6 bxa6 36. Rd6 axb4 37. Rxf6 Kxf6 38. Qxh6+ Ke5 39. Qd6# 1-0

[Event "XtraCon-Skakligaen"]
[Site "Denmark"]
[Date "2013.01.12"]
[Round "4.3"]
[White "Skytte, Rasmus"]
[Black "Brinck Claussen, Bjorn"]
[Result "1-0"]
[WhiteElo "2406"]
[BlackElo "2260"]
[PlyCount "59"]
[EventDate "2012.10.27"]
[EventType "team-tourn"]
[EventRounds "9"]
[WhiteTeam "Aarhus/Skolerne"]
[BlackTeam "K41"]
[WhiteTeamCountry "DEN"]
[BlackTeamCountry "DEN"]

1. e4 e5 2. Bc4 c6 3. d4 Nf6 4. dxe5 Nxe4 5. Qe2 Nc5 6. Nc3 b5 7. Bd3 Nxd3+ 8.
cxd3 Be7 9. Qg4 Kf8 10. Qg3 d5 11. exd6 Bxd6 12. Bf4 Bxf4 13. Qxf4 Na6 14. Nge2
Nc5 15. O-O Ne6 16. Qe4 Rb8 17. a3 h5 18. d4 Rh6 19. Rfd1 Ng5 20. Qe5 Bg4 21.
d5 c5 22. h4 Nh7 23. f3 Bd7 24. Ne4 Rc8 25. b4 Qb6 26. bxc5 Rxc5 27. Nxc5 Qxc5+
28. Nd4 Rd6 29. Rac1 Qxa3 30. Nxb5 1-0

[Event "XtraCon-Skakligaen"]
[Site "Denmark"]
[Date "2013.01.12"]
[Round "4.4"]
[White "Naes, Flovin Tor"]
[Black "Christensen, Tobias"]
[Result "0-1"]
[WhiteElo "2271"]
[BlackElo "2362"]
[PlyCount "134"]
[EventDate "2012.10.27"]
[EventType "team-tourn"]
[EventRounds "9"]
[WhiteTeam "K41"]
[BlackTeam "Aarhus/Skolerne"]
[WhiteTeamCountry "DEN"]
[BlackTeamCountry "DEN"]

1. e4 e5 2. Nf3 Nc6 3. d4 exd4 4. Nxd4 Nf6 5. Nc3 Bb4 6. Nxc6 bxc6 7. Bd3 d5 8.
exd5 Qe7+ 9. Be3 Nxd5 10. Qf3 O-O 11. O-O Nxe3 12. fxe3 Bxc3 13. bxc3 Rb8 14.
Bc4 c5 15. Rad1 Be6 16. Qe4 Rbe8 17. Bxe6 Qxe6 18. Qxe6 Rxe6 19. Rd7 Rxe3 20.
Rxc7 Rxc3 21. Rf2 a6 22. h3 f5 23. Rd2 f4 24. Rdd7 Rg3 25. Kf2 h5 26. Rxc5 h4
27. Rcc7 f3 28. gxf3 Rfxf3+ 29. Ke2 Re3+ 30. Kd2 Ra3 31. Rd8+ Kh7 32. Rd4 Rg2+
33. Kc1 Rxh3 34. Rcc4 Rh1+ 35. Kb2 h3 36. Rh4+ Kg6 37. Rc3 h2 38. Rch3 Kf5 39.
Rf3+ Kg5 40. Rfh3 g6 41. Rh8 Kf5 42. Rf8+ Kg4 43. Rfh8 g5 44. a4 a5 45. R8h7
Rf2 46. Rh8 Rf8 47. R8h6 Rf4 48. Rxh2 Rxh2 49. Rxh2 Rxa4 50. Rg2+ Kh4 51. Rh2+
Kg3 52. Rh5 Kg4 53. Rh8 Kf3 54. Rh5 g4 55. Kb3 Ra1 56. Kb2 Ra4 57. Kb3 Rb4+ 58.
Kc3 g3 59. Rxa5 Rf4 60. Rd5 g2 61. Rd1 Rg4 62. Rg1 Kf2 63. Rd1 g1=Q 64. Rxg1
Kxg1 65. Kd3 Kf2 66. c4 Kf3 67. Kc3 Ke4 0-1

[Event "XtraCon-Skakligaen"]
[Site "Denmark"]
[Date "2013.01.12"]
[Round "4.5"]
[White "Pedersen, Finn"]
[Black "Laursen, Niels Norskov"]
[Result "1-0"]
[WhiteElo "2291"]
[BlackElo "2261"]
[PlyCount "93"]
[EventDate "2012.10.27"]
[EventType "team-tourn"]
[EventRounds "9"]
[WhiteTeam "Aarhus/Skolerne"]
[BlackTeam "K41"]
[WhiteTeamCountry "DEN"]
[BlackTeamCountry "DEN"]

1. g3 g6 2. Bg2 Bg7 3. d4 Nf6 4. e4 d6 5. Ne2 O-O 6. O-O e5 7. dxe5 dxe5 8.
Nbc3 c6 9. Be3 Qe7 10. h3 Nbd7 11. f4 Nb6 12. f5 Nc4 13. Qc1 Nxe3 14. Qxe3 Nd7
15. Kh2 b6 16. Rad1 Bf6 17. h4 Ba6 18. Rh1 Rad8 19. Ng1 Nc5 20. Nf3 Rxd1 21.
Nxd1 Rd8 22. g4 gxf5 23. gxf5 Kh8 24. Kh3 Rg8 25. Nf2 Na4 26. Ng4 Nxb2 27. Qh6
Bg7 28. Qxc6 f6 29. h5 Rc8 30. Qd5 Bc4 31. Qd2 Bf7 32. Kg3 Nc4 33. Qe2 Rc6 34.
Nh4 Qa3+ 35. Bf3 Kg8 36. Ng6 Rd6 37. Ne7+ Kf8 38. Nd5 Bxd5 39. exd5 e4 40. Qxe4
Nd2 41. Qd3 Qxd3 42. cxd3 Nxf3 43. Kxf3 Kf7 44. Rc1 Rd7 45. Rc6 h6 46. d6 Ke8
47. Ke4 1-0

[Event "XtraCon-Skakligaen"]
[Site "Denmark"]
[Date "2013.01.12"]
[Round "4.6"]
[White "Schmidt, Kristen"]
[Black "Jacobsen, Bo"]
[Result "0-1"]
[WhiteElo "2264"]
[BlackElo "2309"]
[PlyCount "61"]
[EventDate "2012.10.27"]
[EventType "team-tourn"]
[EventRounds "9"]
[WhiteTeam "K41"]
[BlackTeam "Aarhus/Skolerne"]
[WhiteTeamCountry "DEN"]
[BlackTeamCountry "DEN"]

1. e4 e5 2. Nf3 d6 3. d4 exd4 4. Nxd4 Nf6 5. Nc3 Be7 6. Bc4 O-O 7. O-O Re8 8.
Re1 Nbd7 9. Nf3 h6 10. h3 Nc5 11. b4 Be6 12. Bf1 Na6 13. a3 c6 14. Nd4 Bd7 15.
Qf3 Nc7 16. Nf5 Bf8 17. Bb2 g6 18. Ne3 Bg7 19. Rad1 d5 20. exd5 Nfxd5 21. Nexd5
Rxe1 22. Rxe1 Nxd5 23. Nxd5 Bxb2 24. Re7 Bf5 25. Nc7 Qxe7 26. Nxa8 Bxc2 27. Bc4
Bf5 28. g4 Qe1+ 29. Bf1 Be6 30. Nc7 Bc4 31. Qg2 0-1

[Event "XtraCon-Skakligaen"]
[Site "Denmark"]
[Date "2013.01.12"]
[Round "4.7"]
[White "Ochsner, Thomas"]
[Black "Christensen, Bo Garner"]
[Result "0-1"]
[WhiteElo "2317"]
[BlackElo "2243"]
[PlyCount "90"]
[EventDate "2012.10.27"]
[EventType "team-tourn"]
[EventRounds "9"]
[WhiteTeam "Aarhus/Skolerne"]
[BlackTeam "K41"]
[WhiteTeamCountry "DEN"]
[BlackTeamCountry "DEN"]

1. e4 c5 2. Nf3 d6 3. c3 Nf6 4. Bd3 Nc6 5. Bc2 Bg4 6. d3 e6 7. Nbd2 Be7 8. h3
Bh5 9. Nf1 d5 10. Ng3 Bg6 11. Qe2 Qb6 12. O-O O-O-O 13. Re1 dxe4 14. dxe4 Nh5
15. Nf1 Qc7 16. a3 Nf4 17. Qe3 e5 18. b4 f6 19. Bb2 Bf7 20. Rad1 Kb8 21. Ng3 g6
22. Ne2 cxb4 23. axb4 Nxb4 24. cxb4 Qxc2 25. Ra1 b6 26. Nxe5 Nxe2+ 27. Rxe2
Rd1+ 28. Rxd1 Qxd1+ 29. Re1 Qc2 30. Nxf7 Rf8 31. Qf4+ Ka8 32. Bd4 Rxf7 33. Rc1
Bd6 34. Rxc2 Bxf4 35. Rc6 Rd7 36. Rxf6 Bb8 37. f4 Rxd4 38. e5 Rxb4 39. e6 Re4
40. Kf2 Bd6 41. Kf3 Re1 42. Kf2 Bb4 43. g4 a5 44. f5 gxf5 45. gxf5 a4 0-1

[Event "XtraCon-Skakligaen"]
[Site "Denmark"]
[Date "2013.01.12"]
[Round "4.8"]
[White "Hartung Nielsen, Jens"]
[Black "Hagen, Kresten Skytte"]
[Result "1-0"]
[WhiteElo "2241"]
[BlackElo "2186"]
[PlyCount "87"]
[EventDate "2012.10.27"]
[EventType "team-tourn"]
[EventRounds "9"]
[WhiteTeam "K41"]
[BlackTeam "Aarhus/Skolerne"]
[WhiteTeamCountry "DEN"]
[BlackTeamCountry "DEN"]

1. d4 Nf6 2. Nf3 e6 3. e3 c5 4. Bd3 d5 5. b3 Nc6 6. O-O Be7 7. Bb2 O-O 8. a3 b6
9. Ne5 Bb7 10. f4 Ne4 11. Nd2 f6 12. Nxc6 Bxc6 13. c4 Nxd2 14. Qxd2 Qc7 15.
Rac1 Rad8 16. Qe2 Rf7 17. Kh1 Bd6 18. dxc5 bxc5 19. cxd5 Bxd5 20. b4 Rc8 21.
Ba6 Bb7 22. Bd4 Qb6 23. Bxb7 Rxb7 24. Qc4 Bf8 25. bxc5 Qb3 26. h3 Qxc4 27. Rxc4
Rbc7 28. Rfc1 e5 29. fxe5 fxe5 30. Bxe5 Rxc5 31. Rxc5 Rxc5 32. Bb2 Rxc1+ 33.
Bxc1 Kf7 34. Kg1 Ke6 35. Kf2 Kd5 36. Kf3 Kc4 37. e4 a5 38. e5 Kd5 39. Bb2 g6
40. a4 Kc4 41. e6 Be7 42. Ke4 Kb3 43. Be5 Kxa4 44. Kd5 1-0

[Event "XtraCon-Skakligaen"]
[Site "Denmark"]
[Date "2013.01.12"]
[Round "4.1"]
[White "Matthiesen, Arne"]
[Black "Teplyi, Igor"]
[Result "1/2-1/2"]
[WhiteElo "2345"]
[BlackElo "2386"]
[PlyCount "39"]
[EventDate "2012.10.27"]
[EventType "team-tourn"]
[EventRounds "9"]
[WhiteTeam "SK1968"]
[BlackTeam "Nordre"]
[WhiteTeamCountry "DEN"]
[BlackTeamCountry "DEN"]

1. c4 c5 2. Nf3 Nc6 3. d4 cxd4 4. Nxd4 e6 5. g3 Qb6 6. e3 Bc5 7. Nb3 Bb4+ 8.
Bd2 Nf6 9. Bxb4 Qxb4+ 10. N1d2 O-O 11. a3 Qe7 12. Bg2 b6 13. O-O Bb7 14. Rc1
Rab8 15. Rc3 Rfc8 16. Qc2 d6 17. Ne4 Ne5 18. Nxf6+ Qxf6 19. Nd2 Bxg2 20. Kxg2
1/2-1/2

[Event "XtraCon-Skakligaen"]
[Site "Denmark"]
[Date "2013.01.12"]
[Round "4.2"]
[White "Sloth, Jorn"]
[Black "Hansen, Lars"]
[Result "1-0"]
[WhiteElo "2340"]
[BlackElo "2267"]
[PlyCount "79"]
[EventDate "2012.10.27"]
[EventType "team-tourn"]
[EventRounds "9"]
[WhiteTeam "Nordre"]
[BlackTeam "SK1968"]
[WhiteTeamCountry "DEN"]
[BlackTeamCountry "DEN"]

1. Nf3 d5 2. e3 Nf6 3. b4 Bg4 4. Bb2 e6 5. b5 Bd6 6. c4 O-O 7. cxd5 exd5 8. Be2
Nbd7 9. Nc3 Qe7 10. Nd4 Ne5 11. f3 Bd7 12. Qc2 Nc4 13. Nxd5 Nxd5 14. Qxc4 Qh4+
15. Kf1 Nb6 16. Qc2 g6 17. f4 Nd5 18. Bf3 c6 19. bxc6 bxc6 20. Nxc6 Be6 21. g3
Qh3+ 22. Kf2 Rac8 23. Qd3 Rxc6 24. Qd4 f6 25. Bxd5 Bc5 26. Qe4 Rd6 27. Bxe6+
Rxe6 28. Qd5 Bb6 29. f5 Qxf5+ 30. Qxf5 gxf5 31. Bc3 Rc8 32. Rhc1 Rc4 33. Kf3
Ra4 34. Rcb1 Rg4 35. Rb5 Rc4 36. Rxf5 Kf7 37. Rf4 Rcc6 38. e4 Rc4 39. e5 Rxf4+
40. gxf4 1-0

[Event "XtraCon-Skakligaen"]
[Site "Denmark"]
[Date "2013.01.12"]
[Round "4.4"]
[White "Christensen, Jan Schleicher"]
[Black "Matthiesen, Martin"]
[Result "0-1"]
[WhiteElo "2252"]
[BlackElo "2266"]
[PlyCount "88"]
[EventDate "2012.10.27"]
[EventType "team-tourn"]
[EventRounds "9"]
[WhiteTeam "Nordre"]
[BlackTeam "SK1968"]
[WhiteTeamCountry "DEN"]
[BlackTeamCountry "DEN"]

1. d4 Nf6 2. Nf3 e6 3. e3 b6 4. Bd3 Bb7 5. O-O g6 6. c4 Bg7 7. Nc3 d5 8. cxd5
exd5 9. Qa4+ Nbd7 10. Qa3 Bf8 11. Qb3 Bg7 12. Qa3 Bf8 13. Qb3 Be7 14. e4 dxe4
15. Bc4 O-O 16. Ng5 Qe8 17. Re1 a6 18. a4 c5 19. d5 Ne5 20. Ngxe4 Nxe4 21. Rxe4
Nxc4 22. Qxc4 Qd7 23. Bh6 Rfe8 24. Rae1 Bf8 25. Qe2 Rxe4 26. Nxe4 Qf5 27. Bxf8
Rxf8 28. Nc3 Rd8 29. Qe7 Rd7 30. Qe8+ Kg7 31. Re5 Qf6 32. h3 Rd8 33. Qe7 Qxe7
34. Rxe7 Bxd5 35. a5 b5 36. Re5 Be6 37. Rxc5 Rd2 38. Rc6 Rxb2 39. Rxa6 b4 40.
Na4 Ra2 41. Nc5 Bc4 42. Rb6 Rxa5 43. Nb7 Rb5 44. Rxb5 Bxb5 0-1